Online
Catalog

Amandonos los unos a los otros / (Record no. 39540)

MARC details
000 -CABECERA
campo de control de longitud fija 00593nam a2200181 a 4500
001 - NÚMERO DE CONTROL
campo de control 000040050
005 - FECHA Y HORA DE LA ÚLTIMA TRANSACCIÓN
campo de control 20201002033904.0
008 - DATOS DE LONGITUD FIJA--INFORMACIÓN GENERAL
campo de control de longitud fija 130805s1985 sp 000 0 spa d
020 ## - NÚMERO INTERNACIONAL ESTÁNDAR DEL LIBRO
Número Internacional Estándar del Libro 8401803225
040 ## - FUENTE DE LA CATALOGACIÓN
Centro catalogador/agencia de origen DO-SdBNP
Lengua de catalogación spa
Centro/agencia transcriptor BNPHU
100 1# - ENTRADA PRINCIPAL--NOMBRE DE PERSONA
Nombre de persona Buscaglia, Leo F.
9 (RLIN) 50705
240 10 - TÍTULO UNIFORME
Título uniforme Loving each other
Lenguaje de la obra Español
245 10 - MENCIÓN DE TÍTULO
Título Amandonos los unos a los otros /
Mención de responsabilidad, etc. Leo F. Buscaglia ; traducción Ana M. de la Fuente.
260 ## - PUBLICACIÓN, DISTRIBUCIÓN, ETC.
Lugar de publicación, distribución, etc. Barcelona :
Nombre del editor, distribuidor, etc. Plaza & Janes Editores,
Fecha de publicación, distribución, etc. 1985.
300 ## - DESCRIPCIÓN FÍSICA
Extensión 188 p. ;
Dimensiones 22 cm.
590 ## - NOTA LOCAL (RLIN)
Nota local Inventariado, 2019/VM
700 1# - PUNTO DE ACCESO ADICIONAL--NOMBRE DE PERSONA
Nombre de persona Fuente, Ana M. de la,
Término indicativo de función/relación trad.
9 (RLIN) 13413
Holdings
Estado de retiro Estado de pérdida Restricciones de uso No para préstamo Código de colección Localización permanente Ubicación/localización actual Ubicación en estantería Fecha de adquisición Número de inventario Total de préstamos Signatura topográfica completa Código de barras Fecha visto por última vez Precio válido a partir de Tipo de ítem Koha
        Monografías: Libros y Folletos General General Depósito 05.08.2013 LF1   40050-10 25.06.2020 25.06.2020 Préstamo en sala

Powered by Koha